Valeur de "Pi" en 30 secondes - Statistiques

Statistiques générales
  • Ce quiz a été pris 442 fois
  • Le résultat moyen est 13 sur 46
Statistiques - réponses
Pi % Correct
1
100%
4
99%
1
96%
5
93%
9
87%
2
81%
6
73%
5
66%
3
60%
5
53%
8
45%
9
40%
7
35%
9
31%
3
28%
2
24%
3
21%
8
19%
4
16%
6
14%
2
13%
6
12%
3
11%
3
11%
4
11%
8
11%
3
10%
2
9%
7
9%
9
9%
0
8%
2
8%
5
8%
8
8%
8
8%
1
7%
4
7%
1
6%
6
6%
7
6%
9
6%
3
5%
3
5%
9
5%
9
5%
9
5%
Aucun quiz correspondant
Distribution des résultats
% des personnes avec chaque résultat
Percentile par nombre de réponses
Votre historique - résultats
Vous n’avez pas pris ce quiz